000 00264nam a2200109Ia 4500
008 200302s9999 xx 000 0 und d
100 _aMark Raplt
245 _aGreg Lynn Form
260 _bRizzoli Intrenational Publication Inc.
260 _c2008
300 _a367 P.,
999 _c2588
_d2588